| 000 | 00558nam a2200181Ia 4500 | ||
|---|---|---|---|
| 008 | 151018s9999 xx 000 0 und d | ||
| 082 |
_bRBASDV35636 _a891.434 |
||
| 100 | _aनीलाभ | ||
| 245 | _aशब्दौ सेनाता अटूट है | ||
| 250 | _b1 | ||
| 260 |
_bउपासना _c2000 |
||
| 300 | _a135 | ||
| 600 | _aनीलाभ | ||
| 630 | _aशब्दौ सेनाता अटूट है | ||
| 700 | _aनीलाभ | ||
| 730 | _aशब्दौ सेनाता अटूट है | ||
| 942 | _cBOOK | ||
| 999 |
_c1035111 _d1035108 |
||